| 000 | 00575nam a22001817a 4500 | ||
|---|---|---|---|
| 003 | LK-CoDNM | ||
| 005 | 20241028102548.0 | ||
| 008 | 241028b |||||||| |||| 00| 0 eng d | ||
| 040 |
_aLK-CoDNM _dLK-CoDNM _eLK-CoDNM |
||
| 041 | _asin | ||
| 080 |
_aප්ර.ව _b56 |
||
| 245 | _aවෙසක් තිළින කලාප 1කාණ්ඩය 1කලාපය | ||
| 260 | _aඅංගොඩ | ||
| 300 | _a35p. : 21 cm | ||
| 650 | _aප්ර.ව56 | ||
| 650 | _aවෙසක් තිළින කලාප 1කාණ්ඩය 1කලාපය | ||
| 942 | _cBK | ||
| 999 |
_c223412 _d223412 |
||